Számszerű tévedés kiigazítása az elévülési időn belül eszközölhető

Elmentve itt :
Bibliográfiai részletek
Dokumentumtípus: Cikk
Megjelent: 1930
Sorozat:Polgári jog : a hazai és külföldi magánjog és hiteljog szemléje 6
Kulcsszavak:Közigazgatási eljárás tévedés
Online Access:http://misc.bibl.u-szeged.hu/5761
LEADER 00609nab a2200157 i 4500
001 misc5761
005 20191106142620.0
008 170607s1930 hu o 0|| hun d
040 |a SZTE Miscellanea Repozitórium  |b hun 
041 |a hun 
245 0 0 |a Számszerű tévedés kiigazítása az elévülési időn belül eszközölhető  |h [elektronikus dokumentum] 
260 |c 1930 
300 |a 192b 
490 0 |a Polgári jog : a hazai és külföldi magánjog és hiteljog szemléje  |v 6 
695 |a Közigazgatási eljárás tévedés 
856 4 0 |u http://misc.bibl.u-szeged.hu/5761/1/polgari_jog_1930_192b.pdf  |z Dokumentum-elérés